Wszystkie rzeki Polski - Statystyki

Ogólne statystyki
  • Ten quiz został rozwiązany 104 razy
  • Średni wynik to 51 z 456
Odpowiedzi na mapie
Odpowiedzi zakodowano w zielono-czerwonej skali na mapie do tego quizu, zgodnie z poniższymi procentami.
 
Statystyki odpowiedzi
Odpowiedź % Poprawnych
Wisła
94%
Odra
90%
Bug
88%
Warta
82%
Narew
73%
San
73%
Nysa Łużycka
71%
Dunajec
65%
Noteć
65%
Nysa Kłodzka
65%
Pilica
61%
Wieprz
57%
Wisłok
57%
Brda
55%
Bóbr
53%
Wkra
53%
Biała
51%
Czarna
49%
Łyna
45%
Wisłoka
45%
Biebrza
43%
Bzura
43%
Drwęca
43%
Wda
41%
Poprad
37%
Prosna
37%
Ina
35%
Słupia
35%
Łeba
33%
Parsęta
33%
Pasłęka
33%
Pisa
33%
Soła
33%
Bystrzyca
31%
Czarna Hańcza
31%
Drawa
31%
Nida
31%
Obra
31%
Nogat
29%
Białka
27%
Gwda
27%
Kamienna
27%
Osa
27%
Rega
27%
Skawa
27%
Barycz
25%
Oława
25%
Olza
25%
Raba
25%
Tanew
25%
Wieprza
25%
Krzna
24%
Mała Panew
24%
Ner
24%
Przemsza
24%
Widawa
24%
Ełk
22%
Kwisa
22%
Liwiec
22%
Omulew
22%
Wel
22%
Widawka
22%
Biały Dunajec
20%
Martwa Wisła
20%
Prądnik
20%
Radomka
20%
Radunia
20%
Rawka
20%
Skrwa
20%
Ślęza
20%
Świna
20%
Wełna
20%
Wierzyca
20%
Bystra
18%
Czarna Nida
18%
Elbląg
18%
Jasiółka
18%
Kacza
18%
Kaczawa
18%
Kanał Augustowski
18%
Kanał Bydgoski
18%
Kanał Elbląski
18%
Nidzica
18%
Nurzec
18%
Świder
18%
Biała Przemsza
16%
Dźwina
16%
Huczwa
16%
Liswarta
16%
Orz
16%
Orzyc
16%
Osława
16%
Reda
16%
Ropa
16%
Stobrawa
16%
Supraśl
16%
Utrata
16%
Guber
14%
Iłżanka
14%
Kanał Wieprz-Krzna
14%
Kanał Żerański
14%
Łęg
14%
Leśna
14%
Liwa
14%
Lubaczówka
14%
Narewka
14%
Ruda
14%
Szreniawa
14%
Tyśmienica
14%
Brynica
12%
Brynnica
12%
Bukowa
12%
Długa
12%
Koszarawa
12%
Mołtawa
12%
Pisia
12%
Radew
12%
Rozoga
12%
Sokółka
12%
Strwiąż
12%
Szkarpawa
12%
Wilga
12%
Biała Lądecka
10%
Krutynia
10%
Łada
10%
Łupawa
10%
Nysa Szalona
10%
Oleśnica
10%
Opawa
10%
Płonia
10%
Ścinawka
10%
Strug
10%
Struga
10%
Strzegomka
10%
Węgorapa
10%
Bobrówka
8%
Bobrza
8%
Czarna Orawa
8%
Czarna Woda
8%
Dłubnia
8%
Gołdapa
8%
Iławka
8%
Kamionka
8%
Kanał Mosiński
8%
Kłodawka
8%
Koprzywianka
8%
Łososina
8%
Marycha
8%
Netta
8%
Obrzyca
8%
Piława
8%
Pór
8%
Psina
8%
Pszczynka
8%
Rudawa
8%
Rządza
8%
Sanka
8%
Sanna
8%
Skawinka
8%
Skierniewka
8%
Strumień
8%
Świnka
8%
Wetlina
8%
Wiar
8%
Wisła Śmiała
8%
Wissa
8%
Babulówka
6%
Biała Głuchołaska
6%
Błotnica
6%
Budkowiczanka
6%
Chechło
6%
Chodelka
6%
Chrząstawa
6%
Cybina
6%
Czerna Wielka
6%
Czernica
6%
Dębnica
6%
Drama
6%
Gostynia
6%
Jeziorka
6%
Kamienica
6%
Kanał Iławski
6%
Kanał Slesiński
6%
Korytnica
6%
Krzna Południowa
6%
Krzycki Rów
6%
Kurówka
6%
Łasica
6%
Lubsza
6%
Mała Ina
6%
Mała Wełna
6%
Mątawa
6%
Miała
6%
Myśla
6%
Obrzański Kanał Południowy
6%
Ołobok
6%
Orla
6%
Orlica
6%
Panieńska Łacha
6%
Piławka
6%
Płociczna
6%
Polski Rów
6%
Sanoczek
6%
Ścinawa Niemodlińska
6%
Skrwa Lewa
6%
Solinka
6%
Sołokija
6%
Stoła
6%
Szkło
6%
Szprotawa
6%
Tuszymka
6%
Urzędówka
6%
Uszwica
6%
Węgierka
6%
Wisznia
6%
Witka
6%
Włodawka
6%
Wojsławka
6%
Żabnica
6%
Żółkiewka
6%
Zwierzyniec
6%
Bawół
4%
Bierawka
4%
Breń
4%
Brok
4%
Brok Mały
4%
Brzeźnica
4%
Cicha Woda
4%
Czarna Łada
4%
Dobrzyca
4%
Drwęca Warmińska
4%
Dzierżęcinka
4%
Gąsawka
4%
Grabowa
4%
Jabłonka
4%
Kcynka
4%
Kłodnica
4%
Linawa
4%
Lubniewka
4%
Mała Noteć
4%
Mała Ślęza
4%
Mierzawa
4%
Mogilnica
4%
Moszczenica
4%
Opatówka
4%
Pisia Tuczna
4%
Pliszka
4%
Polska Woda
4%
Postomia
4%
Raciążnica
4%
Rudka
4%
Rudna
4%
Rurzyca
4%
Sama
4%
Śląska Ochla
4%
Szkwa
4%
Tążyna
4%
Trzęśniówka
4%
Tuga
4%
Tyrawka
4%
Tywa
4%
Wierna Rzeka
4%
Więzienny Rów
4%
Wolbórka
4%
Wolica
4%
Wrześnica
4%
Bacha
2%
Dębosznica
2%
Dziewiczka
2%
Flinta
2%
Gardęga
2%
Główna
2%
Grabia
2%
Gunica
2%
Jegrznia
2%
Kanał Gniewoszowsko-Kozienicki
2%
Kanał Ostrowo-Gopło
2%
Karasiówka
2%
Klukówka
2%
Korzenica
2%
Kostrzyń
2%
Lutnia
2%
Lutynia
2%
Łużyca
2%
Łydynia
2%
Mleczka
2%
Muchawka
2%
Nowa Czarna
2%
Orlanka
2%
Orzysza
2%
Osobłoga
2%
Otok
2%
Paklica
2%
Płonka
2%
Pokrzywianka
2%
Sąpólna
2%
Sąsiecznica
2%
Sępolna
2%
Sierpienica
2%
Skora
2%
Słudwia
2%
Sona
2%
Stobnica
2%
Stupnica
2%
Wąska
2%
Wschodnia
2%
Zielawa
2%
Banówka
0%
Bauda
0%
Błędzianka
0%
Bogacica
0%
Brzozówka
0%
Bystrzenica
0%
Cetynia
0%
Chełst
0%
Chocina
0%
Chrząstowa
0%
Cielnica
0%
Czarna Struga
0%
Dąbroczna
0%
Dąbrówka
0%
Debrzynka
0%
Dejna
0%
Dojca
0%
Gawlik
0%
Giełczewka
0%
Głomia
0%
Gnida
0%
Gowienica
0%
Holczewka
0%
Janka
0%
Jemiołówka
0%
Jezierzyca
0%
Kacanka
0%
Kiermas
0%
Kłoniecznica
0%
Kocunia
0%
Kończak
0%
Konopka
0%
Kopel
0%
Krasówka
0%
Krępa
0%
Krówka
0%
Krynka
0%
Krzywianka
0%
Kuroch
0%
Łęcza
0%
Liśnica
0%
Liwna
0%
Łobżonka
0%
Łoknica
0%
Lubienka
0%
Lubieszka
0%
Lubrzanka
0%
Luciąża
0%
Margoninka
0%
Męcinka
0%
Meszna
0%
Mień
0%
Mienia
0%
Miłakówa
0%
Miławka
0%
Minina
0%
Mołstowa
0%
Moskawa
0%
Mroga
0%
Nereśl
0%
Niechwaszcz
0%
Nieciesz
0%
Niesób
0%
Ochnia
0%
Okrzejka
0%
Osownica
0%
Pełchówka
0%
Pełcz
0%
Piaskowa
0%
Pichna
0%
Piertanka
0%
Pilsia
0%
Plitnica
0%
Płodownica
0%
Połomka
0%
Powa
0%
Pulwa
0%
Pyszna
0%
Rokitka
0%
Ruziec
0%
Rybnica
0%
Rypienica
0%
Sajna
0%
Sawica
0%
Skroda
0%
Ślina
0%
Stradunia
0%
Stuchowska Struga
0%
Swędrnia
0%
Świniec
0%
Świślina
0%
Świsłocz
0%
Symsarna
0%
Szarka
0%
Szczeberka
0%
Szczyra
0%
Szelmentka
0%
Szkotówka
0%
Toczna
0%
Trojanówka
0%
Trzebiocha
0%
Turośń
0%
Udal
0%
Ukleja
0%
Ulherka
0%
Wadąg
0%
Wałsza
0%
Wełnianka
0%
Wiązownica
0%
Wiercica
0%
Wierzbiak
0%
Wołcza
0%
Wołczenica
0%
Wyżnica
0%
Zagożdżonka
0%
Zbyrzyca
0%
Żeglina
0%
Zgłowiączka
0%
Złotnica
0%
Zuźnianka
0%
Zwoleńka
0%
Nie znaleziono quizów pasujących do podanych kryteriów
Rozkład punktacji
Procent ludzi z każdym wynikiem
Percentyl według liczby udzielonych odpowiedzi
Twoja historia wyników
Nie rozwiązałeś tego quizu